Keep it simple and succeed : ten effective ways to motivate yourself and others

Bibliographic Details
Main Author: Williams, Larry R.
Format: Book
Published: Kuala Lumpur : Golden Books Centre , 1995
Subjects:

MARC

LEADER 00000cam a2200000 7i4500
001 0000003371
005 20050824.0
020 0 0 |a 9837201401 
090 0 0 |a 658.314   |b WIL 
100 1 0 |a Williams, Larry R. 
245 1 0 |a Keep it simple and succeed :   |b ten effective ways to motivate yourself and others   |c Larry R. Williams 
260 0 0 |a Kuala Lumpur :   |b Golden Books Centre ,   |c 1995 
300 |a vii, 88p. :   |b ill. ;   |c 22cm. 
650 0 0 |a Employee motivation 
650 0 0 |a Motivation 
999 |a 0000006297   |b Monograph   |c Open Shelf   |e Default branch